Statistiques concernant Masculins ou Féminins (traduire ces mots en italien)

Cliquez ici pour prendre le quiz!

Statistiques générales

  • Ce quiz a été pris 11 fois
  • Le résultat moyen est 13 sur 19

Statistiques - réponses

FrançaisItalien% Correct
Le soleilIl sole
100%
La finLa fine
100%
Le climatIl clima
89%
La couleurIl colore
89%
La douleurIl dolore
89%
La merIl mare
89%
Le problèmeIl problema
89%
La stationLa stazione
89%
L'émotionL'emozione
89%
La dentIl dente
78%
La valeurIl valore
78%
Le programmeIl programma
67%
Le systèmeIl sistema
67%
La criseLa crisi
56%
Le schémaLo schema
56%
La parenthèseLa parentesi
44%
Le pullIl maglione
22%
L'analyseL'analisi (fem)
0%
L'erreurL'errore (masc)
0%

Distribution des résultats

Percentile par nombre de réponses

% des personnes avec chaque résultat

Votre développement - résultats

Vous n’avez pas pris ce quiz